[Event "26th Troya Open 2018"]
[Site "Canakkale"]
[Date "2018.08.05"]
[Round "4.9"]
[White "Semiev, Suhrab"]
[Black "Kirilmaz, Emre"]
[Result "1/2-1/2"]
[WhiteElo "2285"]
[BlackElo "1895"]
[Annotator "TA"]
[PlyCount "80"]
[EventDate "2018.08.06"]
[EventType "swiss"]
[EventCountry "TUR"]
[SourceTitle "playchess.com"]
[Source "ChessBase"]
[SourceQuality "1"]

{[%evp 16,80,10,7,4,-13,27,26,27,27,52,41,75,0,0,0,0,0,0,0,34,28,65,59,65,76,57,61,57,64,60,48,222,216,213,211,93,-14,-14,-46,-46,-48,-45,-56,354,345,328,333,804,824,819,787,631,22,230,0,0,-10,0,0,0,0,0,0,0,0,0]} 1. d4 d5 2. Nf3 Nf6 3. g3 c6 4. Bg2 Bg4 5. Nbd2 Nbd7 6. c4 e6 7. O-O Bd6 8. b3 O-O 9. Bb2 {LiveBook: 230 Games} Bc7 {D11: Slav Defence: 3 Nf3 sidelines and 3...Nf6 4 e3 Bg4} (9... h6 10. a3 a5 11. Bc3 Qe7 12. Qc1 Bf5 13. Ne5 Rfc8 14. Qb2 Nf8 15. b4 axb4 16. axb4 Ne4 17. Nxe4 dxe4 18. c5 Bxe5 19. dxe5 Rxa1 20. Rxa1 {½-½ (27) Ruck,R (2565)-Prohaszka,P (2607) Hungary 2016}) 10. Qe1 $146 ({Predecessor:} 10. h3 Bh5 11. g4 Bg6 12. Ne5 Nxe5 13. dxe5 Nd7 14. f4 f6 15. cxd5 cxd5 16. f5 Bf7 17. fxe6 Bxe6 18. exf6 {0-1 (34) Schatz,C (2212)-Granovskiy,A (2292) Pardubice 2016}) 10... Bh5 11. e4 dxe4 {White has an edge.} 12. Nxe4 Bg6 13. Nxf6+ Qxf6 14. Rd1 (14. Qd2 $16) 14... Bc2 $1 $11 15. Ne5 Nxe5 16. dxe5 Qe7 17. Rd4 Bb6 18. Rd6 Bc5 19. b4 $36 {[%mdl 2048] White has good play.} Bxd6 20. exd6 Qg5 21. Qc3 {[%mdl 1024] White has compensation.} Bf5 22. h4 Qh6 23. Rd1 f6 $2 (23... e5 $14) 24. b5 $1 $18 cxb5 25. Bxb7 Rab8 ({Black should try} 25... Qh5 $18 26. Rd2 (26. Bf3 Bg4 $11) 26... Rab8) 26. c5 (26. d7 $16 {Threatens to win with Qa5.} bxc4 27. Qxc4) 26... Rxb7 $11 27. c6 Qh5 $1 {[%cal Rh5d1]} 28. Rd2 $1 b4 29. Qe3 Rb6 $2 {[%mdl 8192]} (29... Rbb8 $1 $15 {keeps the upper hand.} 30. d7 Rbd8) 30. d7 $18 Rxc6 {aiming for ...Rd8.} 31. d8=Q Rxd8 $2 (31... Rc8 32. Qe7 a5) 32. Rxd8+ Kf7 33. Qxa7+ Kg6 {[#]} 34. Rd7 $2 (34. Rg8 $1 $18 {[%csl Gg8][%cal Ra7g7]} Qd1+ 35. Kh2) 34... Qh6 $2 {[#]} (34... Kh6 $11 35. Rxg7 Qf3) 35. Qa8 $2 (35. h5+ $1 $18 {[%mdl 512]} Kxh5 36. Rxg7 Rc1+ 37. Kh2) 35... Be4 $1 $11 {The position is equal.} 36. Rd1 Qh5 37. Qe8+ Kh6 38. Bc1+ g5 39. Qf8+ Kg6 40. Qe8+ Kh6 {Precision: White = 44%, Black = 38%.} 1/2-1/2

[Event "26th Troya Open 2018"]
[Site "Canakkale"]
[Date "2018.08.05"]
[Round "4.10"]
[White "Guseynov, Alihan"]
[Black "Kocak, Can"]
[Result "1/2-1/2"]
[WhiteElo "2329"]
[BlackElo "2001"]
[Annotator "TA"]
[PlyCount "79"]
[EventDate "2018.08.06"]
[EventType "swiss"]
[EventCountry "TUR"]
[SourceTitle "playchess.com"]
[Source "ChessBase"]
[SourceQuality "1"]

{[%evp 28,79,77,76,84,73,66,62,53,57,55,56,56,57,87,62,129,118,116,35,35,35,35,35,78,64,68,0,80,35,43,36,62,10,57,-26,-26,-25,-20,-20,-23,-29,-31,-39,-25,-32,-20,-28,-13,-12,0,-32,0,-20]} 1. d4 d6 2. Nf3 Nf6 3. g3 g6 4. Bg2 Bg7 5. O-O O-O 6. c4 Nbd7 7. Nc3 e5 8. e4 exd4 9. Nxd4 Nc5 10. h3 c6 11. Be3 Re8 12. Qc2 Qe7 13. Rfe1 Be6 {E69: King's Indian: Fianchetto: 6...Nbd7 7 0-0 e5 8 e4 c6 9 h3} (13... Qf8 14. Rad1 Bh6 15. f4 a5 16. Bf2 Nfd7 17. b3 Nb8 18. Nf3 Nba6 19. Qd2 Bg7 20. Bd4 a4 21. Bxg7 Qxg7 22. Nxa4 Nxa4 23. bxa4 {0-1 (41) Sethuraman,S (2541)-Vajda,L (2632) Sydney 2013}) 14. b3 a5 15. Rad1 {LiveBook: 3 Games} Qc7 {White is better.} 16. Ndb5 cxb5 17. Nxb5 Qe7 18. Nxd6 Nfd7 $146 ({Predecessor:} 18... Rec8 19. Nxc8 Rxc8 20. Bd4 b6 21. Qb2 Ne8 22. Bxg7 Nxg7 {1-0 (48) Richardson,A (2103)-Quinn,J (2120) England 2015}) 19. Nxe8 Rxe8 20. f4 {[#] f5 is the strong threat.} f5 21. e5 Ne4 (21... Nb8 $14) 22. Bxe4 $16 fxe4 23. Kh2 (23. Qxe4 $16 Nc5 24. Qg2) 23... Nc5 $14 24. Bxc5 Qxc5 25. Qxe4 Qb6 26. Qd4 Qc6 27. Qe4 {Strongly threatening Qxc6.} Qb6 28. Rf1 a4 29. Rd6 Qb4 30. Qe3 ({White should try} 30. Rd3 $14) 30... Qa3 31. Rb6 (31. Qb6 $1 $14 Bf5 32. Rd2 (32. Qxb7 Qxa2+ 33. Kg1 Qxb3 $15)) 31... Bxc4 $1 $11 32. Rf2 Bd5 33. Qd4 Bc6 $1 34. Qc4+ Kh8 35. bxa4 Qe3 {[%cal Re3f2] [#]} 36. Rbb2 Bf8 {[%mdl 1024] Black has compensation.} 37. Rbe2 Qb6 38. Rb2 Qe3 39. Rbe2 Qb6 40. Rb2 {Precision: White = 37%, Black = 50%.} 1/2-1/2

[Event "26th Troya Open 2018"]
[Site "Canakkale"]
[Date "2018.08.05"]
[Round "4.11"]
[White "Aliyev, Elnur"]
[Black "Makaraci, Tunahan"]
[Result "1-0"]
[WhiteElo "2190"]
[BlackElo "1994"]
[Annotator "TA"]
[PlyCount "53"]
[EventDate "2018.08.06"]
[EventType "swiss"]
[EventCountry "TUR"]
[SourceTitle "playchess.com"]
[Source "ChessBase"]
[SourceQuality "1"]

{[%evp 13,53,29,31,27,38,25,33,-51,-49,-47,0,-25,49,64,58,29,146,147,147,153,132,102,128,112,173,181,214,216,279,282,279,279,270,283,260,252,332,332,337,335,445,445]} 1. d4 d5 2. c4 c6 3. cxd5 cxd5 4. Bg5 Nc6 5. Nc3 Nf6 6. Bxf6 {D10: Slav Defence: 3 cxd5 (without early Nf3) and 3 Nc3} gxf6 7. e3 e6 {LiveBook: 30 Games} 8. Rc1 {White is slightly better.} (8. g3 f5 9. Bg2 Bd7 10. Nf3 Rc8 11. O-O Bd6 {½-½ (34) Iturrizaga Bonelli,E (2652)-Prohaszka,P (2610) Benasque 2018}) 8... Bd7 $146 ({Predecessor:} 8... Qb6 9. Qd2 Bd7 10. Nge2 Bh6 11. f4 Ne7 {1-0 (31) Gurvich,V (2305)-Thrish,K (2111) Voronezh 2018}) 9. g3 Qb6 10. Bg2 (10. Qd2 $14) 10... Qxb2 $15 11. Nge2 Qb6 12. O-O Be7 ({Black should try} 12... f5 $11) 13. e4 $14 dxe4 14. d5 exd5 (14... f5 $11 {keeps the balance.}) 15. Nxd5 $16 Qd8 16. Bxe4 f5 17. Bb1 Be6 18. Nef4 O-O (18... Bg5 $16) 19. Re1 $18 Bg5 20. Rxe6 fxe6 21. Nxe6 Bxc1 22. Nxd8 Raxd8 23. Qxc1 Rxd5 24. Qc4 Ne7 25. Bc2 Rfd8 26. Bb3 Kf8 27. Qh4 {Precision: White = 56%, Black = 31%.} 1-0

[Event "26th Troya Open 2018"]
[Site "Canakkale"]
[Date "2018.08.05"]
[Round "4.12"]
[White "Allajov, Ramil"]
[Black "Sayber, Zeki"]
[Result "1-0"]
[WhiteElo "2155"]
[BlackElo "1984"]
[Annotator "TA"]
[PlyCount "59"]
[EventDate "2018.08.06"]
[EventType "swiss"]
[EventCountry "TUR"]
[SourceTitle "playchess.com"]
[Source "ChessBase"]
[SourceQuality "1"]

{[%evp 10,59,53,37,56,41,37,36,38,30,65,64,83,42,58,35,31,32,30,29,54,54,104,114,128,130,122,135,188,192,218,228,220,219,264,265,251,260,272,276,457,442,432,0,325,291,467,466,687,-579,439,438]} 1. Nf3 c5 2. g3 Nf6 3. Bg2 e6 4. c4 d6 (4... a6 5. d4 cxd4 6. Nxd4 d6 7. O-O Be7 8. b3 Qc7 9. Bb2 Bd7 10. Nc3 Nc6 11. e3 Rc8 12. Rc1 Qb8 13. Na4 Nxd4 14. Bxd4 {½-½ (27) Iturrizaga Bonelli,E (2652)-Spraggett,K (2530) Maia 2018}) 5. O-O Be7 6. Nc3 {LiveBook: 4 Games. A30: Symmetrical English: Double Fianchetto and Hedgehog} e5 7. a3 $146 ({Predecessor:} 7. d3 O-O 8. a3 Nc6 9. Rb1 h6 10. b4 Rb8 11. b5 Nd4 12. Nd2 {1-0 (50) Epinoux,J (2087)-Flecher,J (1930) ICCF email 2015}) 7... O-O 8. b4 {White is slightly better.} Nc6 9. Rb1 Bf5 10. d3 Rb8 11. Ne1 {[%cal Bf3e1,Be1c2,Bc2e3][%mdl 32]} Qd7 12. Nc2 Bh3 13. Ne3 Bxg2 14. Kxg2 Nd4 15. Ned5 Ne6 16. Qa4 b5 17. Nxe7+ Qxe7 18. Nxb5 Nd4 (18... Rb7 $16 {was necessary.}) 19. Qxa7 $18 Rb7 20. Qa6 Nxb5 21. cxb5 cxb4 22. Rxb4 Nd5 23. Rc4 Rb6 {[#]} 24. Qa4 $1 Nc7 $2 (24... Rfb8 25. e4 Nf6) 25. Qa7 Nd5 26. Qa4 $2 (26. Qxe7 $18 Nxe7 27. a4) 26... Qb7 $2 {[%mdl 8192]} (26... Nc7 $1 $11 {and Black has nothing to worry.}) 27. e4 Nc7 $2 {[#]} (27... Nf6 {was called for.} 28. Bg5 Rxb5) 28. Be3 Ra8 (28... Nd5 $142 29. exd5 Rxb5) 29. Bc1 $4 {[%mdl 8192]} (29. Qc2 $18 {and all is fine.} Rxb5 30. Rxc7) 29... Nd5 $4 {[%mdl 8192]} (29... Rxa4 $19 {and life is good for Black.} 30. Rxa4 d5) 30. Qc2 {Precision: White = 71%, Black = 25%.} 1-0

[Event "26th Troya Open 2018"]
[Site "Canakkale"]
[Date "2018.08.05"]
[Round "4.13"]
[White "Sar, Can"]
[Black "Kurt, Murat"]
[Result "1-0"]
[WhiteElo "1786"]
[BlackElo "1594"]
[Annotator "NA RC"]
[PlyCount "69"]
[EventDate "2018.08.06"]
[EventType "swiss"]
[EventCountry "TUR"]
[SourceTitle "playchess.com"]
[Source "ChessBase"]
[SourceQuality "1"]
[TimeControl "5400+30"]

1. e4 c6 2. d4 d5 3. e5 Bf5 4. Nf3 e6 5. Be2 Nd7 {[%emt 0:01:30]} 6. O-O {[%emt 0:04:00]} c5 {[%emt 0:00:30]} 7. Be3 {[%emt 0:00:00]} Ne7 {[%emt 0:00:30]} 8. Nbd2 {[%emt 0:00:00]} Nc6 {[%emt 0:01:30]} 9. c4 {[%emt 0:06:30]} Qb6 {[%emt 0:11:30]} 10. Nb3 {[%emt 0:01:30]} dxc4 {[%emt 0:07:30]} 11. Bxc4 {[%emt 0:00:30]} Be7 {[%emt 0:06:30]} 12. Qe2 {[%emt 0:05:30]} Qc7 {[%emt 0:00:30]} 13. Rac1 {[%emt 0:02:30]} a6 {[%emt 0:03:30]} 14. dxc5 {[%emt 0:07:30]} Ndxe5 {[%emt 0:01:30]} 15. Bf4 {[%emt 0:00:30]} Nxf3+ {[%emt 0:00:30]} 16. Qxf3 {[%emt 0:00:00]} Qc8 {[%emt 0:04:30]} 17. Bd6 {[%emt 0:07:00]} O-O {[%emt 0:04:30]} 18. Rfd1 {[%emt 0:00:30]} a5 {[%emt 0:13:30]} 19. Bb5 {[%emt 0:06:30]} Re8 {[%emt 0:04:30]} 20. Bxc6 {[%emt 0:01:30]} Bg4 {[%emt 0:04:30]} 21. Qxg4 {[%emt 0:02:30]} Qxc6 {[%emt 0:06:30]} 22. Bxe7 {[%emt 0:00:00]} Rxe7 {[%emt 0:00:30]} 23. Rd6 {[%emt 0:00:00]} Qc7 {[%emt 0:00:30]} 24. Nd4 {[%emt 0:00:30]} Rd8 {[%emt 0:03:30]} 25. Rxd8+ {[%emt 0:00:30]} Qxd8 {[%emt 0:00:00]} 26. Nb5 {[%emt 0:00:00]} Rd7 {[%emt 0:01:00]} 27. Nc3 {[%emt 0:00:00]} Qc8 {[%emt 0:01:30]} 28. Rd1 {[%emt 0:01:30]} Rc7 {[%emt 0:00:30]} 29. Qd4 {[%emt 0:00:00]} Kf8 {[%emt 0:00:30]} 30. Qd8+ {[%emt 0:00:00]} Qxd8 {[%emt 0:00:30]} 31. Rxd8+ {[%emt 0:00:30]} Ke7 {[%emt 0:00:00]} 32. Rb8 {[%emt 0:00:30]} Rxc5 {[%emt 0:00:00]} 33. Rxb7+ {[%emt 0:00:00]} Ke8 {[%emt 0:00:30]} 34. Kf1 {[%emt 0:00:00]} h5 {[%emt 0:02:30]} 35. Rb5 {[%emt 0:00:00]} 1-0

[Event "26th Troya Open 2018"]
[Site "Canakkale"]
[Date "2018.08.05"]
[Round "4.14"]
[White "Ulupinar, Furkan"]
[Black "Ileri, Oktay"]
[Result "1/2-1/2"]
[WhiteElo "1412"]
[BlackElo "1697"]
[Annotator "NA RC"]
[PlyCount "136"]
[EventDate "2018.08.06"]
[EventType "swiss"]
[EventCountry "TUR"]
[SourceTitle "playchess.com"]
[Source "ChessBase"]
[SourceQuality "1"]
[TimeControl "5400+30"]

1. e4 e5 2. f4 Bc5 3. Nf3 d6 {[%emt 0:01:30]} 4. Nc3 {[%emt 0:03:00]} Nf6 {[%emt 0:00:30]} 5. Bc4 {[%emt 0:04:30]} O-O {[%emt 0:01:30]} 6. d3 {[%emt 0:00:30]} Bg4 {[%emt 0:02:30]} 7. Na4 {[%emt 0:02:30]} Bb6 {[%emt 0:00:30]} 8. Nxb6 {[%emt 0:02:30]} axb6 {[%emt 0:00:00]} 9. h3 {[%emt 0:00:30]} Bxf3 {[%emt 0:01:00]} 10. Qxf3 {[%emt 0:01:30]} Nc6 {[%emt 0:00:30]} 11. c3 {[%emt 0:03:30]} exf4 {[%emt 0:02:30]} 12. Bxf4 {[%emt 0:08:30]} Ne5 {[%emt 0:00:00]} 13. Bxe5 {[%emt 0:01:30]} dxe5 {[%emt 0:00:00]} 14. g4 {[%emt 0:01:30]} c6 {[%emt 0:07:30]} 15. a3 {[%emt 0:05:30]} b5 {[%emt 0:00:30]} 16. Ba2 {[%emt 0:00:30]} Nd7 {[%emt 0:02:30]} 17. h4 {[%emt 0:00:30]} Nc5 {[%emt 0:00:30]} 18. Rd1 {[%emt 0:03:30]} Qe7 {[%emt 0:02:30]} 19. g5 {[%emt 0:03:30]} Rfd8 {[%emt 0:06:30]} 20. Qg3 {[%emt 0:05:30]} Rd6 {[%emt 0:08:30]} 21. Rf1 {[%emt 0:03:30]} Rf8 {[%emt 0:00:30]} 22. Rf5 {[%emt 0:01:30]} Nd7 {[%emt 0:01:30]} 23. h5 {[%emt 0:01:30]} Kh8 {[%emt 0:02:30]} 24. Ke2 {[%emt 0:05:30]} f6 {[%emt 0:15:30]} 25. Rdf1 {[%emt 0:02:30]} Nc5 {[%emt 0:00:30]} 26. R5f3 {[%emt 0:03:30]} Rfd8 {[%emt 0:09:30]} 27. gxf6 {[%emt 0:02:30]} gxf6 {[%emt 0:03:30]} 28. Rg1 {[%emt 0:02:30]} Ne6 {[%emt 0:00:30]} 29. h6 {[%emt 0:01:30]} Ng5 {[%emt 0:00:30]} 30. Re3 {[%emt 0:03:30]} Qd7 {[%emt 0:02:30]} 31. Rd1 {[%emt 0:02:30]} b6 {[%emt 0:04:30]} 32. Qg2 {[%emt 0:01:30]} Qe8 {[%emt 0:01:30]} 33. Qg4 {[%emt 0:00:30]} Qd7 {[%emt 0:03:30]} 34. Qf5 {[%emt 0:03:30]} Qxf5 {[%emt 0:00:30]} 35. exf5 {[%emt 0:00:00]} c5 {[%emt 0:00:30]} 36. Rg1 {[%emt 0:03:43]} c4 {[%emt 0:04:18]} 37. Rgg3 {[%emt 0:00:42]} Nf7 {[%emt 0:03:32]} 38. Rh3 {[%emt 0:03:29]} Kg8 {[%emt 0:02:43]} 39. Bb1 {[%emt 0:03:59]} Kf8 {[%emt 0:00:30]} 40. Reg3 {[%emt 0:01:25]} Ng5 {[%emt 0:00:30]} 41. Rh1 {[%emt 0:01:59]} cxd3+ {[%emt 0:04:09]} 42. Rxd3 {[%emt 0:00:51]} e4 {[%emt 0:02:32]} 43. Rxd6 {[%emt 0:01:17]} Rxd6 {[%emt 0:00:00]} 44. Ke3 {[%emt 0:01:59]} Rd5 {[%emt 0:00:10]} 45. Rf1 {[%emt 0:01:14]} Re5 {[%emt 0:01:08]} 46. Rf4 {[%emt 0:01:00]} Nf7 {[%emt 0:01:01]} 47. Rxe4 {[%emt 0:00:59]} Rxf5 {[%emt 0:02:48]} 48. Re8+ {[%emt 0:01:51]} Kxe8 {[%emt 0:00:30]} 49. Bxf5 {[%emt 0:00:00]} Nxh6 {[%emt 0:00:15]} 50. Bxh7 {[%emt 0:00:00]} Kd7 {[%emt 0:00:24]} 51. Kd4 {[%emt 0:00:49]} Kc6 {[%emt 0:00:31]} 52. Be4+ {[%emt 0:00:43]} Kd6 {[%emt 0:00:10]} 53. Bd3 {[%emt 0:00:27]} Kc6 {[%emt 0:00:26]} 54. Be4+ {[%emt 0:00:12]} Kd6 {[%emt 0:00:09]} 55. c4 {[%emt 0:01:41]} bxc4 {[%emt 0:00:42]} 56. Kxc4 {[%emt 0:00:40]} Nf7 {[%emt 0:00:33]} 57. Kb5 {[%emt 0:00:05]} Kc7 {[%emt 0:00:01]} 58. Bf3 {[%emt 0:00:17]} Nd6+ {[%emt 0:00:29]} 59. Kb4 {[%emt 0:01:09]} Nf7 {[%emt 0:00:11]} 60. a4 {[%emt 0:00:00]} Ne5 {[%emt 0:00:54]} 61. Be4 {[%emt 0:00:48]} Nd7 {[%emt 0:00:18]} 62. Kb5 {[%emt 0:00:29]} Ne5 {[%emt 0:01:07]} 63. b4 {[%emt 0:00:25]} Nf7 {[%emt 0:00:06]} 64. Bf3 {[%emt 0:00:52]} Nd6+ {[%emt 0:00:34]} 65. Ka6 {[%emt 0:00:29]} f5 {[%emt 0:00:00]} 66. Bd5 {[%emt 0:01:00]} f4 {[%emt 0:00:00]} 67. b5 {[%emt 0:00:20]} Nc8 {[%emt 0:00:38]} 68. Bf3 {[%emt 0:01:21]} Nd6 {[%emt 0:00:07]} 1/2-1/2

[Event "26th Troya Open 2018"]
[Site "Canakkale"]
[Date "2018.08.05"]
[Round "4.16"]
[White "Koc, Azra Ece"]
[Black "Ozkurt, Deniz"]
[Result "1-0"]
[WhiteElo "1592"]
[BlackElo "1635"]
[Annotator "NA RC"]
[PlyCount "94"]
[EventDate "2018.08.06"]
[EventType "swiss"]
[EventCountry "TUR"]
[SourceTitle "playchess.com"]
[Source "ChessBase"]
[SourceQuality "1"]
[TimeControl "5400+30"]

1. d4 c5 2. c3 g6 3. Nf3 {[%emt 0:02:30]} Bg7 {[%emt 0:01:30]} 4. Bf4 {[%emt 0:00:30]} Nf6 {[%emt 0:00:00]} 5. e3 {[%emt 0:01:30]} O-O {[%emt 0:00:00]} 6. Nbd2 {[%emt 0:00:00]} b6 {[%emt 0:00:30]} 7. Be2 {[%emt 0:01:00]} d6 {[%emt 0:00:30]} 8. O-O {[%emt 0:03:30]} Bb7 {[%emt 0:00:00]} 9. h3 {[%emt 0:01:30]} Nbd7 {[%emt 0:00:00]} 10. Bh2 {[%emt 0:02:30]} Re8 {[%emt 0:02:30]} 11. Rc1 {[%emt 0:08:30]} Ne4 {[%emt 0:03:30]} 12. Nxe4 {[%emt 0:09:30]} Bxe4 {[%emt 0:00:30]} 13. Qd2 {[%emt 0:05:30]} Nf6 {[%emt 0:00:30]} 14. c4 {[%emt 0:03:30]} Bb7 {[%emt 0:02:30]} 15. dxc5 {[%emt 0:07:30]} Ne4 {[%emt 0:00:30]} 16. Qc2 {[%emt 0:01:30]} Nxc5 {[%emt 0:00:30]} 17. b4 {[%emt 0:02:30]} Ne6 {[%emt 0:03:30]} 18. Rfd1 {[%emt 0:02:30]} Qc7 {[%emt 0:00:30]} 19. Nd4 {[%emt 0:01:30]} Nxd4 {[%emt 0:02:30]} 20. exd4 {[%emt 0:00:00]} Rac8 {[%emt 0:00:30]} 21. Qb3 {[%emt 0:02:00]} Qb8 {[%emt 0:03:30]} 22. Bg4 {[%emt 0:05:30]} Rcd8 {[%emt 0:02:30]} 23. Bf3 {[%emt 0:06:30]} Qa8 {[%emt 0:00:30]} 24. Bxb7 {[%emt 0:00:00]} Qxb7 {[%emt 0:00:00]} 25. Bf4 {[%emt 0:02:00]} Qe4 {[%emt 0:05:00]} 26. Be3 {[%emt 0:01:30]} e6 {[%emt 0:01:30]} 27. c5 {[%emt 0:01:30]} bxc5 {[%emt 0:04:30]} 28. dxc5 {[%emt 0:01:30]} dxc5 {[%emt 0:00:30]} 29. Bxc5 {[%emt 0:01:30]} Qb7 {[%emt 0:00:30]} 30. Qa4 {[%emt 0:02:30]} a6 {[%emt 0:00:30]} 31. Qa5 {[%emt 0:02:30]} Rd5 {[%emt 0:04:30]} 32. Rxd5 {[%emt 0:03:30]} exd5 {[%emt 0:00:30]} 33. a4 {[%emt 0:00:32]} Rb8 {[%emt 0:03:30]} 34. Bd6 {[%emt 0:02:43]} Rc8 {[%emt 0:00:30]} 35. Rxc8+ {[%emt 0:00:25]} Qxc8 {[%emt 0:00:30]} 36. Qxd5 {[%emt 0:00:00]} Bh6 {[%emt 0:00:30]} 37. Qc5 {[%emt 0:02:29]} Qe8 {[%emt 0:00:30]} 38. Qc7 {[%emt 0:02:00]} Bf8 {[%emt 0:00:30]} 39. Bxf8 {[%emt 0:01:32]} Kxf8 {[%emt 0:00:30]} 40. Qc5+ {[%emt 0:00:30]} Kg8 {[%emt 0:02:30]} 41. b5 {[%emt 0:02:57]} axb5 {[%emt 0:00:30]} 42. axb5 {[%emt 0:00:06]} Qe1+ {[%emt 0:00:30]} 43. Kh2 {[%emt 0:00:04]} Qe4 {[%emt 0:00:30]} 44. b6 {[%emt 0:00:38]} Qf4+ {[%emt 0:00:30]} 45. g3 {[%emt 0:00:14]} Qd2 {[%emt 0:00:00]} 46. b7 {[%emt 0:00:53]} Qb2 {[%emt 0:00:00]} 47. Qa7 {[%emt 0:00:02]} Qc2 {[%emt 0:00:30]} 1-0

[Event "26th Troya Open 2018"]
[Site "Canakkale"]
[Date "2018.08.05"]
[Round "4.17"]
[White "Ceylan, Arda"]
[Black "Ozturk, Ali"]
[Result "1-0"]
[WhiteElo "1617"]
[BlackElo "1566"]
[Annotator "NA RC"]
[PlyCount "64"]
[EventDate "2018.08.06"]
[EventType "swiss"]
[EventCountry "TUR"]
[SourceTitle "playchess.com"]
[Source "ChessBase"]
[SourceQuality "1"]
[TimeControl "5400+30"]

1. d4 Nf6 2. Nf3 e6 3. c4 b6 4. g3 Bb7 5. Bg2 Be7 {[%emt 0:01:30]} 6. O-O {[%emt 0:02:00]} O-O {[%emt 0:00:30]} 7. Nc3 {[%emt 0:02:30]} d5 {[%emt 0:00:30]} 8. Ne5 {[%emt 0:03:30]} Nbd7 {[%emt 0:08:30]} 9. Qa4 {[%emt 0:08:30]} Nxe5 {[%emt 0:16:30]} 10. dxe5 {[%emt 0:01:30]} Ne4 {[%emt 0:01:30]} 11. Nxe4 {[%emt 0:07:30]} dxe4 {[%emt 0:00:30]} 12. Qc2 {[%emt 0:01:30]} Qd4 {[%emt 0:03:30]} 13. Rd1 {[%emt 0:02:30]} Qxe5 {[%emt 0:10:30]} 14. Bf4 {[%emt 0:02:30]} Qc5 {[%emt 0:05:30]} 15. Rd7 {[%emt 0:01:30]} Bd8 {[%emt 0:07:30]} 16. Bxe4 {[%emt 0:05:30]} Bxe4 {[%emt 0:00:30]} 17. Qxe4 {[%emt 0:00:00]} Rc8 {[%emt 0:02:30]} 18. Rb1 {[%emt 0:09:00]} a5 {[%emt 0:03:30]} 19. Qb7 {[%emt 0:03:30]} Bf6 {[%emt 0:02:30]} 20. Bxc7 {[%emt 0:00:30]} Qxc4 {[%emt 0:01:30]} 21. Qxb6 {[%emt 0:06:30]} Qxa2 {[%emt 0:01:30]} 22. Rbd1 {[%emt 0:01:30]} Qxb2 {[%emt 0:03:30]} 23. Qxa5 {[%emt 0:02:30]} Qxe2 {[%emt 0:02:30]} 24. Bb6 {[%emt 0:05:30]} Ra8 {[%emt 0:10:44]} 25. Qb4 {[%emt 0:02:30]} Ra1 {[%emt 0:02:59]} 26. Rxa1 {[%emt 0:00:30]} Bxa1 {[%emt 0:00:05]} 27. Bc5 {[%emt 0:06:30]} Re8 {[%emt 0:06:14]} 28. Qb7 {[%emt 0:12:55]} Qh5 {[%emt 0:01:55]} 29. Re7 {[%emt 0:03:11]} Rd8 {[%emt 0:00:48]} 30. Rd7 {[%emt 0:03:07]} Re8 {[%emt 0:01:22]} 31. Qc6 {[%emt 0:05:18]} Bf6 {[%emt 0:03:54]} 32. Rd5 {[%emt 0:00:50]} h6 {[%emt 0:02:11]} 1-0

[Event "26th Troya Open 2018"]
[Site "Canakkale"]
[Date "2018.08.05"]
[Round "4.18"]
[White "Gurtekin, Emre"]
[Black "Kurt, Emre"]
[Result "0-1"]
[WhiteElo "1529"]
[BlackElo "1642"]
[Annotator "NA RC"]
[PlyCount "60"]
[EventDate "2018.08.06"]
[EventType "swiss"]
[EventCountry "TUR"]
[SourceTitle "playchess.com"]
[Source "ChessBase"]
[SourceQuality "1"]
[TimeControl "5400+30"]

1. d4 {[%emt 0:03:30]} d5 {[%emt 0:00:30]} 2. c4 {[%emt 0:00:30]} e6 {[%emt 0:00:00]} 3. Nc3 {[%emt 0:00:30]} Nf6 {[%emt 0:00:00]} 4. e3 {[%emt 0:00:30]} c6 {[%emt 0:00:30]} 5. Nf3 {[%emt 0:00:30]} Bd6 {[%emt 0:00:30]} 6. Bd3 {[%emt 0:00:30]} Nbd7 {[%emt 0:00:30]} 7. O-O {[%emt 0:00:00]} a6 {[%emt 0:00:30]} 8. Re1 {[%emt 0:00:00]} dxc4 {[%emt 0:04:30]} 9. Bxc4 {[%emt 0:00:30]} b5 {[%emt 0:00:30]} 10. Bd3 {[%emt 0:00:30]} Bb7 {[%emt 0:00:00]} 11. e4 {[%emt 0:00:30]} e5 {[%emt 0:00:00]} 12. dxe5 {[%emt 0:04:30]} Nxe5 {[%emt 0:00:30]} 13. Nxe5 {[%emt 0:01:30]} Bxe5 {[%emt 0:00:30]} 14. f4 {[%emt 0:00:00]} Bd4+ {[%emt 0:02:30]} 15. Be3 {[%emt 0:00:00]} Bxe3+ {[%emt 0:00:30]} 16. Rxe3 {[%emt 0:00:00]} Qd4 {[%emt 0:00:00]} 17. Kf2 {[%emt 0:05:00]} O-O-O {[%emt 0:13:00]} 18. Be2 {[%emt 0:07:30]} c5 {[%emt 0:03:30]} 19. Qc2 {[%emt 0:01:30]} c4 {[%emt 0:04:30]} 20. Bf3 {[%emt 0:11:30]} Qc5 {[%emt 0:15:30]} 21. Rae1 {[%emt 0:07:30]} Rd3 {[%emt 0:04:30]} 22. e5 {[%emt 0:13:30]} Rhd8 {[%emt 0:03:30]} 23. R1e2 {[%emt 0:05:30]} Rxe3 {[%emt 0:01:30]} 24. Rxe3 {[%emt 0:00:00]} Rd3 {[%emt 0:00:30]} 25. Qe2 {[%emt 0:01:00]} Bxf3 {[%emt 0:06:30]} 26. Qxf3 {[%emt 0:02:30]} Rxe3 {[%emt 0:00:30]} 27. Qa8+ {[%emt 0:01:30]} Kc7 {[%emt 0:00:30]} 28. Nxb5+ {[%emt 0:00:00]} axb5 {[%emt 0:00:00]} 29. Qa5+ {[%emt 0:01:00]} Kd7 {[%emt 0:00:00]} 30. Qd2+ {[%emt 0:00:30]} Rd3+ {[%emt 0:00:30]} 0-1